Population education in the promotion of development (Record no. 74575)
[ view plain ]
| 000 -CABECERA | |
|---|---|
| campo de control de longitud fija | 00663nam a2200241 a 4500 |
| 005 - FECHA Y HORA DE LA ÚLTIMA TRANSACCIÓN | |
| campo de control | 20210223124004.0 |
| 008 - ELEMENTOS DE LONGITUD FIJA--INFORMACIÓN GENERAL | |
| campo de control de longitud fija | 991125n 000 0 u |
| 035 ## - NÚMERO DE CONTROL DEL SISTEMA | |
| Número de control de sistema | UPN01000093077 |
| 100 1# - ASIENTO PRINCIPAL--NOMBRE PERSONAL | |
| Nombre de persona | Simonen, Mari |
| 222 ## - TÍTULO CLAVE | |
| Título clave | PROSPECTS |
| 245 ## - MENCIÓN DE TÍTULO | |
| Título | Population education in the promotion of development |
| 300 ## - DESCRIPCIÓN FÍSICA | |
| Extensión | 429-437 |
| 362 0# - FECHAS DE PUBLICACIÓN Y/O DESIGNACIÓN SECUENCIAL | |
| Fecha de publicación y/o designación secuencial | 1990 Vol. 20, no. 4 |
| 653 0# - TERMINO DE INDIZACION - NO CONTROLADO | |
| Término no controlado | EDUCACION POPULAR |
| 653 0# - TERMINO DE INDIZACION - NO CONTROLADO | |
| Término no controlado | MATERNIDAD PRECOZ |
| 653 0# - TERMINO DE INDIZACION - NO CONTROLADO | |
| Término no controlado | PAISES DESARROLLADOS |
| 653 0# - TERMINO DE INDIZACION - NO CONTROLADO | |
| Término no controlado | PROGRAMAS DESARROLLISTAS |
| 653 0# - TERMINO DE INDIZACION - NO CONTROLADO | |
| Término no controlado | ROL SEXUAL |
| 700 ## - ASIENTO SECUNDARIO--NOMBRE DE PERSONAL | |
| Nombre de persona | Sikes, O. J., |
| Número Internacional Normalizado para Publicaciones Seriadas | coaut. |
| 700 ## - ASIENTO SECUNDARIO--NOMBRE DE PERSONAL | |
| Nombre de persona | Palacio, Jairo, |
| Número Internacional Normalizado para Publicaciones Seriadas | coaut. |
| 9 (RLIN) | 42766 |
| 904 ## - ELEMENTOS DE DATOS D LOCAL, LDD (RLIN) | |
| a | AC |
| b | 030888 |
| 905 ## - TIPO DE MATERIAL | |
| Tipo de material | Articulo |
No items available.
